000
00315nam a22001457a 4500
020
_a
978-81-26-41908-1
082
_a
894.812.3
_b
MUK/E
100
_a
MUKUNDAN, M
245
_a
ANTE PREEYAPPETTA KATHAKAL
260
_a
KOTTAYAM
_b
DC BOOKS
_c
2017
300
_a
125
520
_a
NOVEL
650
_a
NOVEL
942
_c
BK
999
_c
5074
_d
5074